1829 1466 1143 1637 1837 1082 1919 1995 1142 1347 1284 1310 1513 1546 1125 1270 1808 1629 1588 1434 1178 1651 1497 1953 1491 1352 1985 1260 1768 1485 1296 1848 1491 1055 1742 1505 1005 1017 1802 1141 1270 1068 1156 1751 1134 1817 1992 1535 1140 1563 1080 1804 1223 1589 1792 1318 1223 1315 1717 1303 1302 1281 1785 1778 1406 1808 1408 1572 1433 1657 1891 1286 1363 1494 1668 1930 1917 1264 1026 1626 1382 1920 1045 1421 1653 1703 1052 1657 1590 1494 1948 1228 1635 1566 1535 1094 1626 1707 1506 BCNSPRNW ULIB Ver.6.0+V

เปลี่ยนเป็นภาษาไทย

Change to English
 แสดงรายละเอียดบรรณานุกรม
  กลับหน้าหลัก

Brief Record : Get Marc (ISO 2709) : E-mail record : QR code < ปิดหน้าต่าง
LEADER : 00000nam 2200000uu 4500
001    13399112490
003     ULIB
008    110627s2551||||th 000 0 tha d
020    9786160101141
090    นว.^bจ757ส 2551
100 0  ปุยฝ้าย
245 00 Surprise Hiso ท้าชนหัวใจยัยไฮโซมาดร้ายกับคุณชายมาดรัก/^cปุยฝ้าย
250    พิมพ์ครั้งที่
260    กรุงเทพฯ :^bแจ่มใส,^c2551
300    168 หน้า
710 1  แจ่มใส
945    ^p159^l0^i023607
999 ^a เกษร
รายการนี้ยังไม่มีแท็ก
คุณยังไม่ได้ล็อกอิน คุณสามารถมีกิจกรรมร่วมกับเว็บไซต์ได้ แต่ต้องล็อกอินก่อน ::
  ล็อกอิน

รายการสื่อสารสนเทศ

ลำดับที่ ประเภท เลขเรียก/บาร์โค้ด สถานที่ สถานะ
- ไม่พบข้อมูล -

BibComment


ยังไม่เคยถูกคอมเมนท์

คอมเมนท์ทรัพยากรรายการนี้
  คอมเมนท์: Surprise Hiso ท้า..


 Copyright 2026. Bcnsprnw @Library